Statistics for Largest Municipalities of CONNECTICUT by First Letter

Click here to take the quiz!

General Stats

  • This quiz has been taken 54 times
    (43 since last reset)
  • The average score is 11 of 21

Answer Stats

LetterPopulationB/C/TTOWN% Correct
H122,587C + THartford
100%
B144,900C + TBridgeport
97%
N130,418C + TNew Haven
97%
W108,093C + TWaterbury
84%
D84,730C + TDanbury
81%
S129,775C + TStamford
78%
F61,952TFairfield
66%
G62,727TGreenwich
63%
E49,998TEast Hartford
59%
M59,540C + TMeriden
50%
V29,303TVernon
47%
A18,721C + TAnsonia
41%
U840TUnion
41%
O13,949TOrange
38%
R25,008TRidgefield
31%
C29,179TCheshire
28%
K17,287TKillingly
22%
P17,623TPlainville
22%
T35,802TTrumbull
22%
J3,378BJewett City
19%
L14,736TLedyard
6%

Score Distribution

Percentile by Number Answered

Percent of People with Each Score

Your Score History

You have not taken this quiz since the last reset